| 000 | 00699nam a22002177a 4500 | ||
|---|---|---|---|
| 003 | UA-OsUOA | ||
| 001 | 11378 | ||
| 007 | ta | ||
| 008 | 20050318b un ||||| |||| 00| 0 ukr d | ||
| 100 | _aПантелійчук Л. | ||
| 700 | _aБуданова Т. | ||
| 942 | _cSA | ||
| 040 |
_aUA-OsUOA _bukr _cUA-OsUOA _dUA-OsUOA |
||
| 245 | _aДеякі види соціальної допомоги за рахунок фонду соціального страхування в 2005 році | ||
| 300 | _aС.53-56 | ||
| 955 | _a0 | ||
| 041 | _aukr | ||
| 044 | _aUA | ||
| 773 | 0 |
_w0 _tБухгалтерський облік і аудит _dК. _d2005 _gN2 |
|
| 650 | 7 |
_aСтрахова справа _2UDC |
|
| 999 |
_c297539 _d297539 |
||